01688nam a2200385 a 4500001001000000003000500010005001700015008004100032010001100073011001100084040000900095090001000104100004300114245014600157260004100303500006000344502010900404590004100513590003700554590004000591590004000631590004000671650006400711650003700775650004500812650005100857856001600908856007000924901000700994942001001001942000601011999001901017952013101036952013501167000114112CHAP20220329144427.0171103s2017 mx sm |||||||spa d a110573 a111545 cCHAP aTesis1 aAcevedo Leana, César Eduardo913397210aIdentificación Morfológica y molecular de la roya en Ribes affine en Tlaxcala, Méxicoh[En línea]cpor César Esuardo Acevedo Leana. aChapingo, Méx. :bEl autor,c2017. aPara ver el contenido del material haga clic en la liga aTesis (Ing. Agr. Esp. en Parasitología Agrícola) -- UACH. Departamento de Parasitología Agrícola aBATCH-UPDb05c20171103lUCH01h1144 aBATCHb00c20181121lUCH01h0758 aE6339RRRb05c20171103lUCH01h1143 aE6339RRRb05c20171103lUCH01h1144 aE6339RRRb05c20171103lUCH01h114614aColeosporium rubicolaxFisiología y morfología.913397414aHongosxIdentificación.95610514aPlantasxEnfermedades por hongos.98883014aRibes affinexEnfermedades por hongos.9133973 a1 n0000018 aFinding aiduhttp://10.13.5.2/tesis/sist114112.pdfzTeclea aquí aBK cTESIS n0 c110573d110573 00104054718TESISaBCbBCd2017-11-03fTESISl0oTesisp114113-10r2019-12-31 00:00:00w2019-12-31yTESISzRecien adquirido 00102local4053708TESISaBCbBCcPA_TESISd2017-11-03fTESISl0oTesisp114113-20r2019-12-31 00:00:00tc.2w2019-12-31yTESIS